000 00686nam a2200241Ia 4500
003 OSt
005 20220928121439.0
006 a|||||r|||| 00| 0
007 ta
008 220927b |||||||| |||| 00| 0 eng d
024 _a55683
037 _cTextual
040 _aSDCL
_cSDCL
_beng
041 _2eng
_aeng
082 _aY13.2'N8, M8
100 _aBose A B Ed.
_9452428
245 0 _aAging in India
_b Problems and potentialities
260 _aNew Delhi
_bAbhinav Publications
_c1988
300 _axiii,132p
_ccm.
700 _a Gangrade K D Ed.
_9452429
942 _hY13.2'N8, M8
_cTEXL
_2CC
999 _c766396
_d766396